The first part of the history of Henry IV

Gorde:
Xehetasun bibliografikoak
Egile nagusia: Shakespeare, William (Egilea)
Formatua: Liburua
Hizkuntza:ingelesa
Argitaratua: Cambridge Cambridge University Press 1958
Saila:The Cambridge Pocket Shakespeare
Gaiak:
Etiketak: Etiketa erantsi
Etiketarik gabe, Izan zaitez lehena erregistro honi etiketa jartzen!

MARC

LEADER 00000nam a2200000 a 4500
001 UCX5195
003 CL-VaPUC
008 921002e19580000UK |||||||||||||||||eng|d
082 0 4 |a 822  |b SHA  |2 21 
100 |a Shakespeare, William  |e author  |9 265757 
245 1 4 |a The first part of the history of Henry IV 
300 |a 116 p 
942 |c BK 
945 |d 19921002 00:00:00 
260 |a Cambridge  |b Cambridge University Press  |c 1958 
650 0 |a Dramas ingleses  |9 269396 
583 |a last modification  |c 20120709 11:57:56  |k Rodrigo Vera 
490 0 |a The Cambridge Pocket Shakespeare 
999 |c 225501  |d 225499 
952 |0 0  |1 0  |4 0  |6 822_000000000000000_SHA_1958  |7 0  |8 A  |9 223059  |a BIBEDU  |b BIBEDU  |d 2019-11-15  |i 2919125  |o 822 SHA 1958  |p 2919125  |r 2019-11-15  |w 2019-11-15  |y BK  |k LIT